000 04184nam a22002177a 4500
003 GR-AtMCL
005 20250805111908.0
006 a|||||r|||| 00| 0
008 250805b |||||||| |||| 00| 0 eng d
020 _a9789600117967
040 _bgre
_aGR-AtMCL
_dGR-AtMCL
_eAACR2
245 0 3 _aΟι υποψήφιοι εκπαιδευτικοί παρατηρούν, παρεμβαίνουν και αναστοχάζονται :
_bπροτάσεις υποστήριξης της πρακτικής άσκησης /
_cΑλεξάνδρα Ανδρούσου... [κ.ά.] ; επιμέλεια Σοφία Αυγητίδου, Μαριάννα Τσεκάκη, Βασίλης Τσάφος
260 _aΑθήνα :
_bGutenberg,
_cc2016
300 _c24εκ.
500 _a4 βιβλία σε ντοσιέ
520 _aΤο συλλογικό αυτό έργο αποτελεί προϊόν συνεργασίας των μελών του Δικτύου Πρακτικών Ασκήσεων των Τμημάτων Προσχολικής Εκπαίδευσης. Στο βιβλίο αυτό, οι συγγραφείς εισηγούνται θεωρητικά πλαίσια, διαδικασίες, μεθόδους, εργαλεία και γενικότερα τρόπους υποστήριξης των υποψηφίων εκπαιδευτικών στο πλαίσιο της Πρακτικής τους Άσκησης. Με αυτόν τον τρόπο σχεδιάζονται οι φάσεις ανάπτυξης της Πρακτικής Άσκησης και παρέχεται το αντίστοιχο υποστηρικτικό υλικό. Το υλικό αυτό αφορά σε ασκήσεις, δραστηριότητες, σενάρια, παραδείγματα πρακτικών, πάνω στα οποία οι φοιτητές και οι φοιτήτριες καλούνται, ατομικά αλλά και ομαδικά, να αναστοχαστούν, να προβληματιστούν, να θέσουν ερωτήματα, να αναζητήσουν απαντήσεις και να διαμορφώσουν σταδιακά τη δική τους προσέγγιση στην εκπαιδευτική πράξη μέσα από μία συμμετοχική και συνεργατική διαδικασία. Σε κάθε ενότητα υπάρχουν παραπομπές σε θεωρητικά κείμενα, που υποστηρίζουν τους φοιτητές και τις φοιτήτριες στη στοχαστική προσέγγιση των δραστηριοτήτων, των παραδειγμάτων και των ασκήσεων, που εμπεριέχονται στο βιβλίο και αναδεικνύουν τη σχέση αλληλεξάρτησης ανάμεσα στην εκπαιδευτική θεωρία και την εκπαιδευτική πράξη. Απώτερος στόχος μέσα από μια τέτοια διαδικασία είναι οι φοιτητές και οι φοιτήτριες να γίνουν προοπτικά εκπαιδευτικοί ερευνητές, δηλαδή (ανα)στοχαζόμενοι επαγγελματίες, οι οποίοι θα προσπαθούν να συμμετέχουν στη λήψη συνειδητών αποφάσεων σε όλα τα επίπεδα, θα έχουν έτσι τη δυνατότητα να (ανα)στοχάζονται προσεγγίζοντας μια εκπαιδευτική συνθήκη από ποικίλες οπτικές, να συνεργάζονται, να δοκιμάζουν μια λύση ενώ ταυτόχρονα να διερωτώνται για τις εκπαιδευτικές τους αξίες. Τέλος οι φοιτητές και οι φοιτήτριες θα μάθουν να ερευνούν και να αποτιμούν την εκπαιδευτική πράξη στην προοπτική της συνεχούς βελτίωσής της.
650 0 _aΕκπαίδευση
_99953
650 0 _aΑγωγή
_99954
942 _cBK
999 _c9873
_d9873